Countries with the Most Bicycles per Capita - Statistics

General Stats
  • This quiz has been taken 167 times
  • The average score is 8 of 10
Answer Stats
Rank bikes per capita Answer % Correct
1 0.991 Netherlands
96%
9 0.48 Belgium
92%
2 0.801 Denmark
92%
4 0.637 Sweden
90%
3 0.758 Germany
88%
5 0.607 Norway
88%
6 0.604 Finland
84%
7 0.569 Japan
61%
8 0.488 Switzerland
61%
10 0.372 China
60%
No matching quizzes found
Score Distribution
Percent of People with Each Score
Percentile by Number Answered
Your Score History
You have not taken this quiz